| 000 | 00646nam a2200241 a 4500 | ||
|---|---|---|---|
| 005 | 20210219152933.0 | ||
| 008 | 991125n 000 0 u | ||
| 035 | _aUPN01000067695 | ||
| 100 | _aCarothers, Robert L. | ||
| 222 | _aNEW DIRECTIONS FOR INSTITUTIONAL RESEARCH | ||
| 245 | _aClassism and quality | ||
| 300 | _a13-15 | ||
| 362 | _aNo. 78, 1993 | ||
| 505 | _aOctubre 1993 | ||
| 653 | 0 | _aCLASES SOCIALES | |
| 653 | 0 | _aCLIMA ORGANIZACIONAL | |
| 653 | 0 | _aCONTROL DE CALIDAD | |
| 653 | 0 | _aCAMBIO ORGANIZACIONAL | |
| 653 | 0 | _aSISTEMAS DE DIRECCION | |
| 700 | _aSevigny, Mary Lou | ||
| 904 |
_aAC _b005506 |
||
| 905 | _aArticulo | ||
| 999 |
_c64148 _d64148 |
||